Statistics for Top 15 Countries with Covid-19 Cases - 31 May 2021

Click here to take the quiz!

General Stats

  • This quiz has been taken 19 times
  • The average score is 14 of 28

Answer Stats

total
cases
daily
gain
rate per
million
country% Correct
34,123,7629158102,541United States
100%
5,667,324
121186,648France
89%
16,547,67432,554Brazil
84%
4,487,2733383United Kingdom
84%
28,173,655126,698India
79%
5,071,9178475Russia
79%
3,678,3903186Spain
79%
3,781,78428,175Argentina
74%
3,689,9182203Germany
74%
4,217,8211820Italy
74%
2,412,8101307Mexico
68%
2,913,13611,042Iran
58%
2,872,280330Poland
58%
5,249,4046493Turkey
58%
3,406,45623,177Colombia
53%
105,205Sweden
47%
91,201Belgium
42%
96,068Netherlands
42%
154,865Czechia
26%
90,014Israel
26%
86,386Panama
21%
122,029Slovenia
21%
137,034Bahrain
16%
87,256Croatia
16%
102,109Lithuania
16%
84,512Uruguay
16%
97,595Estonia
11%
86,376Georgia
11%

Score Distribution

Percentile by Number Answered

Percent of People with Each Score

Your Score History

You have not taken this quiz